| 000 | 00331nam a2200109Ia 4500 | ||
|---|---|---|---|
| 008 | 200302s9999 xx 000 0 und d | ||
| 100 | _aJ.Strange | ||
| 245 | _aIce Design And Practice Guides : Contaminated Land Investigation Assessment And Remediation -- 2Nd E | ||
| 260 | _bThomas Telfore Publishing | ||
| 260 | _c2008 | ||
| 300 | _a91 | ||
| 999 |
_c4717 _d4717 |
||